Top Ten African Countries by Shortest Coastline - Statistics

General Stats
  • This quiz has been taken 43 times
  • The average score is 8 of 10
Answer Stats
Kilometers Miles Answer % Correct
80 50 Gambia
100%
314 195 Djibouti
98%
56 35 Togo
98%
121 75 Benin
95%
320 199 Guinea
95%
169 105 Republic of the Congo
93%
296 184 Equatorial Guinea
90%
177 109 Mauritius
88%
209 130 Sao Tome and Principe
85%
37 23 Democratic Rep. of the Congo
2%
No matching quizzes found
Score Distribution
Percent of People with Each Score
Percentile by Number Answered
Your Score History
You have not taken this quiz